000
00260 a2200121 4500
001
61720
082
_a
621.3815 CHE
090
_c
37134
_d
37134
100
_a
Chen W.k
245
_a
The Circuits and Filters Handbook
260
_a
USA
_b
PH
300
_a
845
942
_a
621.3815
_k
621.3815 CHE
999
_c
296793
_d
296793